000 00762nab a2200241 u 4500
001 17134
003 HDC
007 cr bn ---aaaaa
008 210223c |r|noo 0 a d
040 _aHDC
245 0 _aSultanate to unveil premium halal brand
260 _aBrunei :
_bBrunei Times PLC,
_c2007
336 _atext
_2rdacontent
337 _acomputer
_2rdamedia
338 _aonline resource
_2rdacarrier
650 _aHalal brand
_9519
650 _aHalal certificate
_9482
710 _aThe Brunei Times
856 _zRequest full-text at [email protected]
942 _2lcc
942 _cNEWS
942 _kNWSO 009308
999 _c14450
_d14450